000 01038cab a2200301 4500
001 ABS59532
008 090401t1998 xxu||||| |||| 00| 0 eng d
035 _a(Sirsi) u89218
041 _aeng
245 _aConsultants league table
260 _c1998
350 _a0
490 _aBuilding
_v268(8058) 2 October 1998, 40-56(16)
520 _aBuilding`s second annual consultants` league table of the top 200 firms. Includes details of employees by profession, fees, number of offices, and contact numbers. Also includes league tables of architects, engineers, and surveyors (general and quantity and building surveyors).
650 _aARCHITECTS
650 _aBUILDING SURVEYORS
650 _aABOUT RICS-RICS MEMBERS
650 _aCONSULTANTS
650 _aEMPLOYEES
650 _aENGINEERS
650 _aFEE LEVELS
650 _aLEAGUE TABLES
650 _aPROJECT MANAGERS
650 _aQUANTITY SURVEYORS
690 _aMANAGEMENT-BUSINESS MANAGEMENT-PROFESSIONAL PRACTICE
942 _n0
948 _c23/10/1998
999 _c56427
_d56427